00281nam a22001097a 4500008004100000020001500041041000800056080001900064100000600083101000800089245007400097180809b xxu||||| |||| 00| 0 eng d a0845110233 aeng 24 tha616.053  a7 aKAR aMorphogenesis and malformation of the cardiovascular systemcLISS.A.R